[Event "POL-ch U18 Girls"]
[Site "Szczyrk"]
[Date "2013.??.??"]
[Round "3"]
[White "Leczycka, Agnieszka"]
[Black "Tracz, Marcelina"]
[Result "0-1"]
[WhiteElo "1252"]
[BlackElo "1698"]
[PlyCount "102"]
[EventDate "2013.03.17"]
[EventType "swiss"]
[EventRounds "9"]
[EventCountry "POL"]
[SourceTitle "CBM 153 Extra"]
[Source "ChessBase"]
[SourceDate "2013.04.22"]
[SourceVersion "1"]
[SourceVersionDate "2013.04.22"]
[SourceQuality "1"]

1. e4 e5 2. Nf3 Nc6 3. Nc3 Bc5 4. Nxe5 Nxe5 5. d4 Bd6 6. dxe5 Bxe5 7. Bd2 d6 8. Bc4 Ne7 9. Qh5 Ng6 10. f4 Bf6 11. 0-0-0 Rf8 12. Rhe1 Bxc3 13. Bxc3 Nxf4 14. Qxh7 Qg5 15. Kb1 f6 16. Bd2 Qg6 17. Qxg6+ Nxg6 18. Re3 Ne5 19. Bb3 Rh8 20. h3 Ke7 21. Rg3 Rh7 22. Ba5 b6 23. Bc3 Nf7 24. Bd5 Rb8 25. Rdd3 Bb7 26. Rde3 c6 27. Bb3 Re8 28. Rd3 Nd8 29. Rd1 Ba6 30. Bb4 c5 31. Be1 c4 32. Ba4 b5 33. Ra3 bxa4 34. Rxa4 Bb7 35. Rxc4 Ke6 36. Bg3 Nf7 37. Rdd4 Rh5 38. Rc7 Re7 39. Rc3 Ne5 40. Ra3 a6 41. Rb3 f5 42. exf5+ Rxf5 43. Rd1 Bxg2 44. Rb6 Rd7 45. Rxa6 Bxh3 46. b3 g5 47. Kb2 g4 48. Ra8 Rf3 49. Rg1 Re3 50. a4 Rc7 51. Bf4 Re2 0-1

[Event "POL-ch U18 Girls"]
[Site "Szczyrk"]
[Date "2013.??.??"]
[Round "5"]
[White "Nun, Joanna"]
[Black "Tracz, Marcelina"]
[Result "1/2-1/2"]
[WhiteElo "1574"]
[BlackElo "1698"]
[PlyCount "92"]
[EventDate "2013.03.17"]
[EventType "swiss"]
[EventRounds "9"]
[EventCountry "POL"]
[SourceTitle "CBM 153 Extra"]
[Source "ChessBase"]
[SourceDate "2013.04.22"]
[SourceVersion "1"]
[SourceVersionDate "2013.04.22"]
[SourceQuality "1"]

1. e4 e5 2. Nf3 Nc6 3. Bb5 a6 4. Ba4 Nf6 5. 0-0 Be7 6. d3 b5 7. Bb3 d6 8. h3 Na5 9. c3 Nxb3 10. Qxb3 0-0 11. Re1 c5 12. Nbd2 Be6 13. Qc2 Nh5 14. Nf1 Rc8 15. Qe2 g6 16. Bh6 Ng7 17. d4 cxd4 18. cxd4 Bc4 19. Qd2 Bxf1 20. Kxf1 f6 21. Rac1 Qb6 22. Rc3 Rc4 23. Rec1 Rfc8 24. Rxc4 Rxc4 25. Rxc4 bxc4 26. Qc3 Qb5 27. Nd2 exd4 28. Qxc4+ Ne6 29. Qxb5 axb5 30. f4 g5 31. fxg5 fxg5 32. Nf3 Kf7 33. h4 gxh4 34. b4 Bf6 35. Ke2 Nd8 36. Bf4 Ke6 37. Bd2 Nc6 38. Be1 d5 39. Kd3 Ne5+ 40. Nxe5 Kxe5 41. exd5 Kxd5 42. Bf2 Be7 43. a3 Bf6 44. Bg1 Be5 45. Bf2 Bf6 46. Bg1 Be5 1/2-1/2

[Event "POL-ch U18 Girls"]
[Site "Szczyrk"]
[Date "2013.??.??"]
[Round "6"]
[White "Tracz, Marcelina"]
[Black "Cichocka, Urszula"]
[Result "1-0"]
[WhiteElo "1698"]
[BlackElo "1688"]
[PlyCount "109"]
[EventDate "2013.03.17"]
[EventType "swiss"]
[EventRounds "9"]
[EventCountry "POL"]
[SourceTitle "CBM 153 Extra"]
[Source "ChessBase"]
[SourceDate "2013.04.22"]
[SourceVersion "1"]
[SourceVersionDate "2013.04.22"]
[SourceQuality "1"]

1. e4 c5 2. Nf3 Nc6 3. d4 cxd4 4. Nxd4 e5 5. Nb5 d6 6. N1c3 a6 7. Na3 b5 8. Nd5 Nf6 9. Bg5 Be7 10. Bxf6 Bxf6 11. c3 Bg5 12. Nc2 0-0 13. a4 bxa4 14. Rxa4 Ne7 15. Bc4 a5 16. 0-0 Rb8 17. b4 Nxd5 18. Bxd5 axb4 19. Nxb4 Bb7 20. c4 Qb6 21. g3 Rfc8 22. Qd3 Bxd5 23. cxd5 Ra8 24. Rxa8 Rxa8 25. Qc4 Bd2 26. Nc6 g6 27. Qc2 Bh6 28. Rb1 Qa6 29. Rb8+ Rxb8 30. Nxb8 Qa1+ 31. Kg2 Qc1 32. Qxc1 Bxc1 33. g4 f6 34. Nd7 Kf7 35. Nb6 h5 36. h3 hxg4 37. hxg4 Kg7 38. Nc4 Kf7 39. Nxd6+ Ke7 40. Nc4 Bf4 41. Kf3 Kf7 42. Ke2 Ke7 43. Kd3 Kd7 44. Kc3 Bh6 45. Kb4 Bf8+ 46. Kb5 g5 47. f3 Be7 48. Nb6+ Kc7 49. Nc4 Kd7 50. Kb6 Bf8 51. Kb7 Bb4 52. Nb6+ Kd6 53. Kc8 Ke7 54. Nc4 Bc5 55. Kc7 1-0

[Event "POL-ch U18 Girls"]
[Site "Szczyrk"]
[Date "2013.??.??"]
[Round "9"]
[White "Tracz, Marcelina"]
[Black "Starczewska, Dominika"]
[Result "1/2-1/2"]
[WhiteElo "1698"]
[BlackElo "1970"]
[PlyCount "80"]
[EventDate "2013.03.17"]
[EventType "swiss"]
[EventRounds "9"]
[EventCountry "POL"]
[SourceTitle "CBM 153 Extra"]
[Source "ChessBase"]
[SourceDate "2013.04.22"]
[SourceVersion "1"]
[SourceVersionDate "2013.04.22"]
[SourceQuality "1"]

1. e4 c5 2. Nf3 d6 3. d4 cxd4 4. Nxd4 Nf6 5. Bd3 Nc6 6. Nb3 g6 7. 0-0 Bg7 8. h3 0-0 9. f4 Qc7 10. Nc3 Nb4 11. Be3 a6 12. Qd2 Nxd3 13. cxd3 b5 14. Rac1 Qd8 15. Qf2 Rb8 16. Ne2 Bd7 17. Ned4 Rc8 18. Rxc8 Qxc8 19. Rc1 Qa8 20. Rc7 Rc8 21. Qc2 Qb8 22. Rxc8+ Qxc8 23. Qxc8+ Bxc8 24. Kf2 h5 25. Nc6 Kf8 26. Bd4 Be6 27. Nca5 Bh6 28. Kf3 Nd7 29. g4 hxg4+ 30. hxg4 Bxb3 31. Nxb3 e5 32. Be3 exf4 33. Bxf4 Bxf4 34. Kxf4 Ne5 35. Nc1 f6 36. b3 g5+ 37. Kg3 a5 38. d4 Nc6 39. Ne2 a4 40. bxa4 bxa4 1/2-1/2

[Event "Krakow op-B 23rd"]
[Site "Krakow"]
[Date "2012.12.31"]
[Round "6"]
[White "Tracz, Marcelina"]
[Black "Mirski, Michal"]
[Result "1-0"]
[WhiteElo "1705"]
[BlackElo "1918"]
[PlyCount "92"]
[EventDate "2012.12.27"]
[EventType "swiss"]
[EventRounds "9"]
[EventCountry "POL"]
[SourceTitle "CBM 152 Extra"]
[Source "ChessBase"]
[SourceDate "2013.02.25"]
[SourceVersion "1"]
[SourceVersionDate "2013.02.25"]
[SourceQuality "1"]

1. e4 c5 2. Nf3 e6 3. d4 cxd4 4. Nxd4 Nf6 5. Nc3 Bb4 6. Bd3 Nc6 7. Nb3 d5 8. exd5 Nxd5 9. Bd2 Nxc3 10. bxc3 Be7 11. 0-0 Bf6 12. Be4 0-0 13. f4 Qc7 14. Qf3 Rd8 15. Rf2 Ne7 16. Re1 Rb8 17. Rfe2 Bd7 18. g4 Ng6 19. f5 exf5 20. gxf5 Nh4 21. Qf2 Bb5 22. Bf4 Be5 23. Bxe5 Qxe5 24. Bd3 Qxc3 25. Qxh4 Bc6 26. f6 g6 27. Rf1 Rd6 28. Qc4 Qxc4 29. Bxc4 Re8 30. Rxe8+ Bxe8 31. Kg2 b5 32. Bd3 Bc6+ 33. Kg3 Kf8 34. Nc5 Rd5 35. Ne4 Re5 36. Nc3 b4 37. Ne2 Rg5+ 38. Kf4 Ra5 39. Rd1 g5+ 40. Kg3 Rxa2 41. Be4 Be8 42. Rd8 Ra6 43. Nd4 Rxf6 44. Bc6 Kg7 45. Rxe8 Rf4 46. Re4 Rf1 1-0

[Event "Krakow op-B 23rd"]
[Site "Krakow"]
[Date "2012.12.30"]
[Round "5"]
[White "Tracz, Marcelina"]
[Black "Swiech, Joanna"]
[Result "1/2-1/2"]
[WhiteElo "1705"]
[BlackElo "1501"]
[PlyCount "88"]
[EventDate "2012.12.27"]
[EventType "swiss"]
[EventRounds "9"]
[EventCountry "POL"]
[SourceTitle "CBM 152 Extra"]
[Source "ChessBase"]
[SourceDate "2013.02.25"]
[SourceVersion "1"]
[SourceVersionDate "2013.02.25"]
[SourceQuality "1"]

1. e4 e6 2. d4 d5 3. exd5 exd5 4. Nf3 Nf6 5. c4 Be7 6. Bd3 dxc4 7. Bxc4 0-0 8. 0-0 Bg4 9. Be3 Nbd7 10. Nc3 c6 11. Re1 Nb6 12. Be2 Re8 13. Ne5 Bxe2 14. Qxe2 Nbd5 15. Qf3 Nxc3 16. bxc3 Qd5 17. Rab1 Qxf3 18. Nxf3 b6 19. Ne5 Rac8 20. Bg5 h6 21. Bh4 g5 22. Bg3 c5 23. f4 Nh5 24. Rf1 Nxg3 25. hxg3 Bd6 26. Ng4 Kg7 27. fxg5 hxg5 28. Rf5 Kg6 29. Rbf1 cxd4 30. cxd4 Bxg3 31. Rxf7 Rc7 32. R7f3 Bf4 33. g3 Bd2 34. R1f2 Bc3 35. Rd3 Re4 36. Ne5+ Kg7 37. Nf3 g4 38. Ng5 Re1+ 39. Kg2 Ba1 40. d5 Rcc1 41. Ne6+ Kh7 42. Rf4 Rg1+ 43. Kf2 Rgf1+ 44. Kg2 Rg1+ 1/2-1/2

[Event "Krakow op-B 23rd"]
[Site "Krakow"]
[Date "2012.12.29"]
[Round "3"]
[White "Tracz, Marcelina"]
[Black "Dyga, Ryszard Adam"]
[Result "1/2-1/2"]
[WhiteElo "1705"]
[BlackElo "1595"]
[PlyCount "71"]
[EventDate "2012.12.27"]
[EventType "swiss"]
[EventRounds "9"]
[EventCountry "POL"]
[SourceTitle "CBM 152 Extra"]
[Source "ChessBase"]
[SourceDate "2013.02.25"]
[SourceVersion "1"]
[SourceVersionDate "2013.02.25"]
[SourceQuality "1"]

1. e4 e5 2. Nf3 Nc6 3. Bb5 a6 4. Ba4 Nf6 5. 0-0 Bc5 6. Qe2 0-0 7. c3 Re8 8. d3 d5 9. exd5 Nxd5 10. Re1 Bg4 11. Bb3 Qd7 12. Bxd5 Qxd5 13. Be3 Bxf3 14. Qxf3 Qxf3 15. gxf3 Bd6 16. Nd2 Re6 17. Nb3 b6 18. d4 exd4 19. Nxd4 Nxd4 20. Bxd4 Rh6 21. Be5 Bxe5 22. Rxe5 Rd8 23. Rae1 Kf8 24. a3 Rhd6 25. Kg2 Rd2 26. R1e2 f6 27. Re8+ Rxe8 28. Rxd2 Kf7 29. f4 f5 30. Kf3 Re6 31. Rd7+ Re7 32. Rd5 Kf6 33. Rd1 Re4 34. Rd7 Re7 35. Rd1 Kf7 36. Rd5 1/2-1/2

[Event "POL-chT U19 1st League"]
[Site "Suchedniow"]
[Date "2012.07.??"]
[Round "2"]
[White "Murawko, Katarzyna"]
[Black "Tracz, Marcelina"]
[Result "1-0"]
[WhiteElo "1818"]
[BlackElo "1686"]
[PlyCount "145"]
[EventDate "2012.07.21"]
[EventType "team-swiss"]
[EventRounds "9"]
[EventCountry "POL"]
[SourceTitle "EXT 2014"]
[Source "ChessBase"]
[SourceDate "2013.11.20"]
[SourceVersion "1"]
[SourceVersionDate "2013.11.20"]
[SourceQuality "1"]
[WhiteTeam "Suwalki Hancza U19"]
[BlackTeam "Wieliczka MKS MOS U19"]
[WhiteTeamCountry "POL"]
[BlackTeamCountry "POL"]

1. e4 e5 2. Nf3 Nc6 3. Bb5 a6 4. Ba4 Nf6 5. d3 b5 6. Bb3 Bc5 7. c3 d6 8. 0-0 0-0 9. Nbd2 Bb6 10. Re1 Ne7 11. Nf1 c5 12. Bg5 Ng6 13. Ne3 h6 14. Bxf6 Qxf6 15. Nd5 Qd8 16. Nd2 Be6 17. Qh5 Bxd5 18. Bxd5 Nf4 19. Qf3 Nxd5 20. exd5 f5 21. a4 Qf6 22. Qd1 b4 23. Nc4 Rab8 24. a5 Bc7 25. d4 cxd4 26. cxd4 e4 27. Ne3 Rb5 28. Qc2 Qe7 29. Qc6 Rxa5 30. Rxa5 Bxa5 31. Qxa6 Qd8 32. Ra1 Bb6 33. Qc4 f4 34. Nf1 Qf6 35. Nd2 Qxd4 36. Qxd4 Bxd4 37. Nxe4 Bxb2 38. Rb1 Be5 39. Rxb4 Ra8 40. Rb1 Ra5 41. Rd1 Ra4 42. f3 Rd4 43. Rxd4 Bxd4+ 44. Kf1 Be5 45. Ke2 Kf7 46. Kd3 Ke7 47. Nf2 Kf6 48. Ke4 Kf7 49. Nd3 Bc3 50. Kxf4 Kf6 51. g4 Bd2+ 52. Kg3 Bc3 53. h3 Bd2 54. f4 Bc3 55. Kf3 Bd2 56. Nf2 Bb4 57. Ne4+ Ke7 58. h4 Be1 59. h5 Bb4 60. g5 hxg5 61. fxg5 Ba3 62. Kg4 Kf7 63. Kf5 Bb4 64. Nf2 Bc3 65. Nd3 Bd4 66. Nf4 Be5 67. Ne6 Bc3 68. Nd8+ Ke7 69. Nc6+ Kd7 70. Kg6 Ke8 71. Na7 Ke7 72. Nb5 Be5 73. Nc7 1-0

[Event "POL-chT U19 1st League"]
[Site "Suchedniow"]
[Date "2012.07.??"]
[Round "1"]
[White "Tracz, Marcelina"]
[Black "Byrka, Joanna"]
[Result "0-1"]
[WhiteElo "1686"]
[BlackElo "1922"]
[PlyCount "162"]
[EventDate "2012.07.21"]
[EventType "team-swiss"]
[EventRounds "9"]
[EventCountry "POL"]
[SourceTitle "EXT 2014"]
[Source "ChessBase"]
[SourceDate "2013.11.20"]
[SourceVersion "1"]
[SourceVersionDate "2013.11.20"]
[SourceQuality "1"]
[WhiteTeam "Wieliczka MKS MOS U19"]
[BlackTeam "Kielce KMKSz Victoria U19"]
[WhiteTeamCountry "POL"]
[BlackTeamCountry "POL"]

1. e4 d5 2. exd5 Nf6 3. Nc3 Nxd5 4. Qf3 c6 5. Bc4 e6 6. Nge2 Bd6 7. d4 0-0 8. Ne4 Be7 9. c3 Nd7 10. 0-0 N7f6 11. Nf4 Nxe4 12. Qxe4 Nf6 13. Qf3 c5 14. Be3 Qc7 15. d5 e5 16. Nh5 Re8 17. Rad1 Nxh5 18. Qxh5 Bd6 19. h3 a6 20. f3 b5 21. Bd3 g6 22. Qh4 Bb7 23. c4 bxc4 24. Bxc4 Rad8 25. Qf2 Rd7 26. Qe2 Ra8 27. Rd3 Qd8 28. Rfd1 Qh4 29. Rb3 e4 30. Qe1 Bg3 31. Bf2 exf3 32. Bxg3 Qxc4 33. Rxf3 Rxd5 34. Rxd5 Qxd5 35. a3 Rd8 36. Rf2 Qb3 37. Kh2 Qd5 38. Qe5 Qxe5 39. Bxe5 Rd5 40. Bc3 Kf8 41. Rd2 Rf5 42. Rd7 Be4 43. h4 h5 44. Rd2 Rf4 45. Kg1 Ke7 46. g3 Rf3 47. Be5 Ke6 48. Bf4 Kf5 49. Rd7 Kg4 50. Rxf7 Bd3 51. Re7 Rf1+ 52. Kg2 Rb1 53. Kf2 Rxb2+ 54. Ke1 c4 55. Rc7 Kf3 56. Kd1 Ra2 57. Bd6 Ke3 58. Bc5+ Ke4 59. Bb4 Rg2 60. Be1 Ke3 61. Re7+ Kd4 62. Rd7+ Kc5 63. Rc7+ Kd6 64. Ra7 Be2+ 65. Kc1 Bd3 66. Rxa6+ Kd5 67. Ra8 c3 68. Rd8+ Ke4 69. Re8+ Kf3 70. Rf8+ Ke3 71. Re8+ Be4 72. Rc8 Rg1 73. Rxc3+ Kd4 74. Kb2 Rxe1 75. Rc8 Rb1+ 76. Ka2 Rg1 77. a4 Rxg3 78. a5 Rc3 79. Rd8+ Bd5+ 80. Kb2 Rc5 81. Rd6 Rc6 0-1

[Event "POL-ch U16 Girls"]
[Site "Murzasichle"]
[Date "2011.03.11"]
[Round "8"]
[White "Bialowas, Inga"]
[Black "Tracz, Marcelina"]
[Result "0-1"]
[WhiteElo "1590"]
[BlackElo "1690"]
[PlyCount "60"]
[EventDate "2011.03.05"]
[EventType "swiss"]
[EventRounds "9"]
[EventCountry "POL"]
[SourceTitle "EXT 2013"]
[Source "ChessBase"]
[SourceDate "2012.11.22"]
[SourceVersion "1"]
[SourceVersionDate "2012.11.22"]
[SourceQuality "1"]

1. e4 e5 2. Nf3 Nc6 3. Bb5 a6 4. Ba4 Nf6 5. 0-0 Be7 6. d3 b5 7. Bb3 d6 8. Nc3 Na5 9. Nd5 Nxd5 10. Bxd5 c6 11. Bb3 Nxb3 12. axb3 0-0 13. Bd2 f5 14. Ne1 d5 15. f4 fxe4 16. dxe4 dxe4 17. Qe2 Bb7 18. Rd1 exf4 19. Bxf4 Bc5+ 20. Kh1 Qf6 21. b4 Bb6 22. Rd6 Qe7 23. Rd1 Qxb4 24. Be5 Rxf1+ 25. Qxf1 Rf8 26. Qe2 Rf2 27. Nd3 exd3 28. Qxd3 Qc4 29. Qd7 Rf1+ 30. Rxf1 Qxf1# 0-1

[Event "POL-ch U16 Girls"]
[Site "Murzasichle"]
[Date "2011.03.08"]
[Round "5"]
[White "Tracz, Marcelina"]
[Black "Dziodzio, Angelika"]
[Result "0-1"]
[WhiteElo "1690"]
[BlackElo "1906"]
[PlyCount "92"]
[EventDate "2011.03.05"]
[EventType "swiss"]
[EventRounds "9"]
[EventCountry "POL"]
[SourceTitle "EXT 2013"]
[Source "ChessBase"]
[SourceDate "2012.11.22"]
[SourceVersion "1"]
[SourceVersionDate "2012.11.22"]
[SourceQuality "1"]

1. e4 c5 2. Nf3 d6 3. d4 cxd4 4. Nxd4 Nf6 5. Nc3 Nc6 6. Be2 e5 7. Nb3 Be7 8. 0-0 0-0 9. f4 a5 10. a4 Nb4 11. Be3 Be6 12. f5 Bd7 13. Rf2 Bc6 14. Bf3 Rc8 15. g4 d5 16. exd5 Nfxd5 17. Nxd5 Bxd5 18. c3 Bxf3 19. Qxf3 Qd5 20. Qxd5 Nxd5 21. Re2 Rc4 22. h3 b6 23. Nd2 Rc6 24. Bf2 Nf4 25. Rxe5 Nxh3+ 26. Kg2 Bd6 27. Rb5 Nxf2 28. Kxf2 Bc5+ 29. Kf3 Rd8 30. Nb3 Rd3+ 31. Kg2 Bf8 32. Re1 g6 33. Nd4 Rd6 34. Re8 h5 35. fxg6 Rxg6 36. Rxh5 Rxg4+ 37. Kf2 Kg7 38. Rhe5 Bc5 39. Ke2 Rh3 40. Re3 Rg2+ 41. Kd3 Rxe3+ 42. Rxe3 Rxb2 43. Re4 Rg2 44. Nf5+ Kf6 45. Nh4 Rg3+ 46. Kc4 Kg5 0-1

[Event "POL-ch U16 Girls"]
[Site "Murzasichle"]
[Date "2011.03.07"]
[Round "4"]
[White "Cyboran, Katarzyna"]
[Black "Tracz, Marcelina"]
[Result "1/2-1/2"]
[WhiteElo "1807"]
[BlackElo "1690"]
[PlyCount "64"]
[EventDate "2011.03.05"]
[EventType "swiss"]
[EventRounds "9"]
[EventCountry "POL"]
[SourceTitle "EXT 2013"]
[Source "ChessBase"]
[SourceDate "2012.11.22"]
[SourceVersion "1"]
[SourceVersionDate "2012.11.22"]
[SourceQuality "1"]

1. e4 e5 2. Nf3 Nc6 3. Bb5 a6 4. Ba4 Nf6 5. 0-0 Be7 6. Qe2 b5 7. Bb3 d6 8. c3 Na5 9. Bc2 c5 10. h3 0-0 11. Rd1 Qc7 12. d3 Bb7 13. Nbd2 Nc6 14. Nf1 a5 15. Bg5 b4 16. c4 a4 17. Bxf6 Bxf6 18. Ne3 Bc8 19. Re1 Be6 20. Bd1 Qb7 21. Nd5 Bxd5 22. exd5 Nd4 23. Nxd4 exd4 24. Qe4 g6 25. Bg4 a3 26. b3 Qc7 27. Rad1 Qd8 28. Kf1 Re8 29. Qxe8+ Qxe8 30. Rxe8+ Rxe8 31. Re1 Rxe1+ 32. Kxe1 Kg7 1/2-1/2